| 000 | 00615nac a22002051u 4500 | ||
|---|---|---|---|
| 010 | _a 85014503 | ||
| 020 | _a0835945421 : | ||
| 082 | 0 | 0 |
_a694 _bBAU |
| 090 |
_c7079 _d7079 |
||
| 100 | _aBaudendistel, Robert F | ||
| 245 | 1 | 0 |
_aModern carpentry / _cRobert F. Baudendistel. |
| 260 |
_aEnglewood Cliffs, N.J. : _bPrentice-Hall,c1986. _cc1986. |
||
| 300 |
_axii, 383 p. : _bill. ; _c29 cm. |
||
| 500 | _a"A Reston book." | ||
| 500 | _aIncludes index. | ||
| 500 | _aDistributer: Al-Ahram. | ||
| 511 | _aCatalogued By: Mahitab. | ||
| 650 | 0 | _aCarpentry. | |
| 942 |
_cBB _k694BAU |
||
| 999 |
_c7079 _d7079 |
||